Κατάλογος Βιβλιοθηκών Mediterranean College

Grief / Rebuilding Your Life After Bereavement (Record no. 3636)

MARC details
000 -LEADER
fixed length control field 00975cam a22001934a 4500
005 - ΗΜΕΡΟΜΗΝΙΑ ΚΑΙ ΩΡΑ ΤΕΛΕΥΤΑΙΑΣ ΕΝΗΜΕΡΩΣΗΣ
Πεδίο ελέγχου 20250605164121.0
008 - FIXED-LENGTH DATA ELEMENTS--GENERAL INFORMATION
Πεδίο ελέγχου σταθερού μήκους 250528s ||||||||||||||||||||||||d
035 ## - SYSTEM CONTROL NUMBER
System control number 18267
020 ## - ISBN
ISBN 715391607
040 ## - ΠΗΓΗ ΚΑΤΑΛΟΓΟΓΡΑΦΗΣΗΣ
Φορέας πρωτότυπης καταλογογράφησης MC Athens Campus Library
Γλώσσα καταλογογράφησης Ελληνικά, Μοντέρνα (1453-)
Modifying agency MC Athens Campus Library
Κανόνες περιγραφικής καταλογογράφησης AACR2
245 1# - ΤΙΤΛΟΣ ΚΑΙ ΔΗΛΩΣΗ ΥΠΕΥΘΥΝΟΤΗΤΑΣ
Τίτλος Grief / Rebuilding Your Life After Bereavement
260 ## - PUBLICATION, DISTRIBUTION, ETC.
Name of publisher, distributor, etc. David And Charles,
Date of publication, distribution, etc. 1989
300 ## - PHYSICAL DESCRIPTION
Extent 160
520 ## - SUMMARY, ETC.
Summary, etc. If you are bereaved or grieving, or if you are facing the probable death of a loved one, this book offers you a unique source of understanding, guidance and support. Acknowledgements, Preparation for Bereavement, The Fear of Death, The Experience of Dying, The Care of the Dying, The Psychology of Grief, The Experience of Bereavement, How to Cope with Grief, Children and Bereavement, Immediate Practical Matters, Widowhood, The Importance of Health, Rebuilding Your Life, Books of Interest, Index.
700 1# - ΠΡΟΣΘΕΤΗ ΑΝΑΓΡΑΦΗ--ΦΥΣΙΚΟ ΠΡΟΣΩΠΟ
Personal name Youngson R. M
9 (RLIN) 4545
942 ## - ADDED ENTRY ELEMENTS (KOHA)
Koha item type Books
Holdings
Τύπος τεκμηρίου Βιβλιοθήκη Τρέχουσα τοποθεσία Barcode Αριθμός εισαγωγής Ημερομηνία απόκτησης Ταξιθετικό σύμβολο Αριθμός αντιτύπου Κατάσταση απόσυρσης Κατάσταση χαμένου Κατάσταση κατεστραμμένου Μη δανεισμός Σύνολο δανεισμών Ημερομηνία τελευταίας εμφάνισης Η τιμή ισχύει από
Books MC Athens Campus Library MC Athens Campus Library 9780000036353 2834 05/06/2025 155.9/37 YOU 1           05/06/2025 05/06/2025

MC Athens Campus Library
Πατησίων 94 & Κοδριγκτώνος 13, 104 34
Πελλήνης 8 & Πατησίων 107, 112 51
Τ: +30 210 8899600

MC Thessaloniki Campus Library
Ίωνος Δραγούμη 21, 54625 | Ίωνος Δραγούμη 15, 54625
Τ: +30 2310 287779 – Τ: +30 2314 440300